000 00763nam a22002417a 4500
001 44722
003 BD-RjUL
005 20211209053915.0
008 160720r19671954b ||||| |||| 00| 0 b d
020 _c5.00
035 _a(BD-RjUL)44840
040 _aBD-RjUL
_bben
_cBD-RjUL
041 _aben
082 _223
_a891.44092
_bBID 1967
245 1 0 _aবিদ্যাপতি-শতক /
250 _a২য় সং.
260 _aঢাকা :
_bরেনেমাঁস পিন্টার্স.
_c১৯৬৭
300 _a১০০ পৃ.;
_c২৪ সেমি.
600 _aবিদ্যাপতি
_9122915
600 _aVidyapati
_9122916
700 _aশহীদুল্লাহ্, মোহম্মদ
_9137126
942 _2ddc
_cBK
999 _c44722
_d44722